| 000 | 00481nam a2200157 a 4500 | ||
|---|---|---|---|
| 001 | 000028269 | ||
| 005 | 20200930031508.0 | ||
| 008 | 110407s2010 dr a 000 j spa d | ||
| 040 |
_aDO-SdBNP _bspa _cBNPHU |
||
| 082 |
_axxxx _bL865 |
||
| 100 | 1 |
_aLora, Frani _955268 |
|
| 245 | 1 | 3 |
_aEl lokito meneíto y sus aventuras : _bcuentos para quisqueya y el mundo / _cFrani Lora. |
| 260 |
_aSanto Domingo : _bDragón Editorial, _c2010. |
||
| 300 |
_a206 p. : _bil. ; _c22 cm. |
||
| 049 | _aBNPD | ||
| 999 |
_c27761 _d27761 |
||